[Event "Warsaw YMCA Autumn-D 223rd"]
[Site "Warsaw"]
[Date "2019.10.01"]
[Round "3"]
[White "Przybylik, Mariusz"]
[Black "Bialczynski, Michal"]
[Result "1/2-1/2"]
[WhiteElo "1142"]
[BlackElo "1216"]
[PlyCount "115"]
[EventDate "2019.09.19"]
[EventType "tourn"]
[EventRounds "13"]
[EventCountry "POL"]
[SourceTitle "CBM 195 Extra"]
[Source "ChessBase"]
[SourceDate "2020.05.31"]
[SourceVersion "1"]
[SourceVersionDate "2020.05.31"]
[SourceQuality "1"]

1. e4 c5 2. Nf3 d6 3. d4 cxd4 4. Nxd4 Nf6 5. Nc3 a6 6. Bc4 e6 7. 0-0 Be7 8. Bb3 0-0 9. Be3 Bd7 10. f3 Nc6 11. Nxc6 Bxc6 12. Kh1 b5 13. a3 Qc7 14. Qd4 Rfd8 15. Qb6 Qc8 16. Qd4 e5 17. Qd2 Qb7 18. Bg5 h6 19. Bxf6 Bxf6 20. Bd5 Rac8 21. Rf2 Bg5 22. Qd3 b4 23. Bxc6 Rxc6 24. Nd5 bxa3 25. Qxa3 Rdc8 26. c3 Rb8 27. b4 Qa7 28. Re2 Qb7 29. g3 Qd7 30. Kg2 f5 31. h4 Bd8 32. Qb3 Kh8 33. Rea2 fxe4 34. fxe4 Qg4 35. Qd1 Qxe4+ 36. Qf3 Qxf3+ 37. Kxf3 Ra8 38. Ke2 a5 39. Kd3 g5 40. hxg5 hxg5 41. bxa5 Rca6 42. Ne3 Rxa5 43. Rxa5 Rxa5 44. Rh1+ Kg8 45. Rh6 d5 46. Rd6 e4+ 47. Kd4 Be7 48. Rxd5 Ra4+ 49. c4 Kf7 50. Kxe4 Ke6 51. Re5+ Kd7 52. Kd5 Ra5+ 53. Ke4 Rxe5+ 54. Kxe5 Bd6+ 55. Kf5 Bxg3 56. Kxg5 Kc6 57. Kf5 Kc5 58. Ke4 1/2-1/2

[Event "Warsaw YMCA Spring-D 216th"]
[Site "Warsaw"]
[Date "2019.05.28"]
[Round "8"]
[White "Bialczynski, Michal"]
[Black "Przybylik, Mariusz"]
[Result "0-1"]
[WhiteElo "1223"]
[BlackElo "1099"]
[PlyCount "112"]
[EventDate "2019.04.09"]
[EventType "tourn"]
[EventRounds "11"]
[EventCountry "POL"]
[SourceTitle "CBM 195 Extra"]
[Source "ChessBase"]
[SourceDate "2020.05.31"]
[SourceVersion "1"]
[SourceVersionDate "2020.05.31"]
[SourceQuality "1"]

1. d4 d5 2. Nf3 e6 3. Bf4 Nf6 4. e3 c5 5. c3 cxd4 6. exd4 Bd6 7. Bg3 0-0 8. Bd3 Nc6 9. Nbd2 a6 10. Qc2 h6 11. Ne5 Bb8 12. 0-0-0 Nxe5 13. dxe5 Nd7 14. f4 f5 15. Nf3 Nc5 16. Be2 Ne4 17. Bh4 Qb6 18. Bd3 Qe3+ 19. Kb1 Qxf4 20. Rdf1 Qg4 21. h3 Qg6 22. Rhg1 Qf7 23. g4 Ba7 24. Rg2 g6 25. gxf5 exf5 26. Nd4 Bxd4 27. cxd4 Kh7 28. Bxe4 dxe4 29. Bf6 Be6 30. b3 Rac8 31. Qd2 Qd7 32. Rfg1 Rg8 33. h4 Bd5 34. Rg3 h5 35. Qe3 Bf7 36. Qd2 Rc6 37. Rd1 Rgc8 38. d5 Rc2 39. Qa5 Qc7 40. Qxc7 R2xc7 41. e6 Bg8 42. d6 Rc6 43. d7 Bxe6 44. dxc8Q Rxc8 45. Rd6 f4 46. Rxe6 fxg3 47. Re7+ Kg8 48. Rg7+ Kf8 49. Rxg6 Kf7 50. Rxg3 Kxf6 51. Kb2 Re8 52. Re3 Kf5 53. Kc3 Kg4 54. Kd4 Kxh4 55. Rxe4+ Rxe4+ 56. Kxe4 Kg3 0-1

[Event "Warsaw YMCA Spring-D 216th"]
[Site "Warsaw"]
[Date "2019.04.09"]
[Round "1"]
[White "Szopa, Andrzej1"]
[Black "Bialczynski, Michal"]
[Result "1/2-1/2"]
[WhiteElo "1051"]
[BlackElo "1223"]
[PlyCount "131"]
[EventDate "2019.04.09"]
[EventType "tourn"]
[EventRounds "11"]
[EventCountry "POL"]
[SourceTitle "CBM 195 Extra"]
[Source "ChessBase"]
[SourceDate "2020.05.31"]
[SourceVersion "1"]
[SourceVersionDate "2020.05.31"]
[SourceQuality "1"]

1. c4 c5 2. Nc3 Nf6 3. e3 Nc6 4. Nf3 d6 5. d4 cxd4 6. exd4 Bg4 7. h3 Bxf3 8. gxf3 g6 9. Qa4 Qa5 10. Qxa5 Nxa5 11. Nb5 Kd7 12. Bd2 Nc6 13. d5 Ne5 14. Be2 a6 15. Nc3 Ke8 16. Be3 Rc8 17. b3 Bg7 18. f4 Ned7 19. Rc1 e6 20. dxe6 fxe6 21. Bf3 Rc7 22. Na4 b5 23. Nb6 Nc5 24. Ke2 Nfd7 25. Nxd7 Kxd7 26. cxb5 axb5 27. Rhd1 Rhc8 28. Bg4 Ke7 29. Bd4 Bxd4 30. Rxd4 h5 31. Bf3 Nd7 32. Rxc7 Rxc7 33. Kd2 d5 34. Be2 Ra7 35. Bxb5 Rxa2+ 36. Ke3 Ra3 37. Bxd7 Kxd7 38. Rb4 Kc6 39. Kd4 Ra2 40. Ke3 Ra1 41. Ke2 Rh1 42. Rb8 Rxh3 43. b4 Rb3 44. b5+ Rxb5 45. Rg8 d4 46. Rxg6 Kd6 47. Kd3 Rd5 48. Rh6 Ke7 49. Rg6 Rf5 50. Ke4 Rd5 51. Rg3 d3 52. Rg1 d2 53. Rd1 h4 54. Kf3 h3 55. Kg3 Rd3+ 56. f3 Kf6 57. Kxh3 Rxf3+ 58. Kg2 Rd3 59. Kf2 Kf5 60. Ke2 Rd4 61. Ke3 Rd5 62. Kf3 Rd6 63. Ke3 Rd5 64. Kf3 e5 65. fxe5 Kxe5 66. Ke3 1/2-1/2

[Event "Warsaw YMCA Autumn-D 208th"]
[Site "Warsaw"]
[Date "2018.10.16"]
[Round "5"]
[White "Oles, Jan"]
[Black "Bialczynski, Michal"]
[Result "1-0"]
[WhiteElo "1231"]
[BlackElo "1317"]
[PlyCount "109"]
[EventDate "2018.09.18"]
[EventType "tourn"]
[EventRounds "13"]
[EventCountry "POL"]
[SourceTitle "EXT 2021"]
[Source "ChessBase"]
[SourceDate "2020.10.23"]
[SourceVersion "1"]
[SourceVersionDate "2020.10.23"]
[SourceQuality "1"]

1. d4 d5 2. Bf4 Nf6 3. c4 c6 4. Bxb8 Rxb8 5. cxd5 Qa5+ 6. Nc3 Nxd5 7. Qa4 Qxa4 8. Nxa4 Nb4 9. Kd2 Bf5 10. e3 e6 11. a3 Nd5 12. Nc3 Nxc3 13. bxc3 Be7 14. Nf3 0-0 15. Ne5 Rfd8 16. Bd3 Bxd3 17. Nxd3 c5 18. a4 cxd4 19. cxd4 Bf6 20. f4 Rdc8 21. Rhc1 Be7 22. Rxc8+ Rxc8 23. Rc1 Rxc1 24. Nxc1 Kf8 25. Nb3 b6 26. Kc3 Ke8 27. Kc4 a6 28. d5 exd5+ 29. Kxd5 b5 30. axb5 axb5 31. Nd4 b4 32. Kc4 Kd7 33. Nf5 b3 34. Kxb3 Bf6 35. e4 g6 36. Nh6 Ke8 37. Kc4 Bg7 38. Ng4 Ke7 39. Kd5 h5 40. Ne3 Bc3 41. f5 Bd2 42. fxg6 fxg6 43. Nf1 Bc3 44. e5 Ba5 45. e6 h4 46. h3 Bc7 47. Nd2 Bb8 48. Nf3 Bf4 49. Nxh4 g5 50. Ng6+ Ke8 51. Nxf4 gxf4 52. Kd6 Kd8 53. h4 Ke8 54. e7 Kf7 55. Kd7 1-0

[Event "Warsaw YMCA Summer-B 203rd"]
[Site "Warsaw"]
[Date "2018.07.24"]
[Round "6"]
[White "Muck, Piotr"]
[Black "Bialczynski, Michal"]
[Result "1-0"]
[WhiteElo "1430"]
[BlackElo "1373"]
[PlyCount "65"]
[EventDate "2018.07.03"]
[EventType "tourn"]
[EventRounds "10"]
[EventCountry "POL"]
[SourceTitle "EXT 2021"]
[Source "ChessBase"]
[SourceDate "2020.10.23"]
[SourceVersion "1"]
[SourceVersionDate "2020.10.23"]
[SourceQuality "1"]

1. d4 d5 2. Nf3 Nf6 3. c4 c6 4. e3 e6 5. Bd3 dxc4 6. Bxc4 Be7 7. 0-0 0-0 8. Nc3 Nbd7 9. Qe2 b5 10. Bb3 a6 11. Rd1 Qc7 12. h3 Bb7 13. e4 e5 14. d5 cxd5 15. Nxd5 Nxd5 16. Bxd5 Nf6 17. Nxe5 Bxd5 18. exd5 Rfe8 19. Nf3 Bc5 20. Be3 Bxe3 21. fxe3 Qc5 22. Rac1 Qxe3+ 23. Qxe3 Rxe3 24. d6 Rd8 25. Rc7 Re6 26. d7 Kf8 27. Rc8 Ke7 28. Nd4 Nxd7 29. Nc6+ Rxc6 30. Rxc6 Nb8 31. Rc7+ Ke8 32. Rxd8+ Kxd8 33. Rxf7 1-0

[Event "Warsaw YMCA Spring-C 200th"]
[Site "Warsaw"]
[Date "2018.06.20"]
[Round "12"]
[White "Bialczynski, Michal"]
[Black "Wyczesany, Dariusz"]
[Result "1-0"]
[WhiteElo "1370"]
[BlackElo "1388"]
[PlyCount "83"]
[EventDate "2018.04.05"]
[EventType "tourn"]
[EventRounds "13"]
[EventCountry "POL"]
[SourceTitle "EXT 2021"]
[Source "ChessBase"]
[SourceDate "2020.10.23"]
[SourceVersion "1"]
[SourceVersionDate "2020.10.23"]
[SourceQuality "1"]

1. Nf3 d5 2. c4 d4 3. d3 c5 4. g3 Nc6 5. Bg2 g6 6. 0-0 Bg7 7. a3 Nf6 8. Bd2 a5 9. Qc1 Qb6 10. Re1 a4 11. e3 dxe3 12. Bxe3 Ng4 13. Nc3 Nxe3 14. Qxe3 Qxb2 15. Nd5 0-0 16. Nxe7+ Nxe7 17. Qxe7 Qxa1 18. Rxa1 Bxa1 19. Qxc5 Bf5 20. d4 Be4 21. Ne5 Bxg2 22. Kxg2 Rad8 23. Nf3 Rfe8 24. Qb6 Bc3 25. d5 Rc8 26. c5 Re2 27. d6 Bf6 28. d7 Rc6 29. d8Q+ Bxd8 30. Qxd8+ Kg7 31. Nd4 Rd2 32. Nxc6 Rxd8 33. Nxd8 Kf6 34. Nxb7 Ke7 35. c6 f5 36. Kf3 g5 37. h4 h6 38. hxg5 hxg5 39. g4 f4 40. Ke4 Ke6 41. Na5 Kd6 42. Kf5 1-0

[Event "Warsaw YMCA Spring-C 200th"]
[Site "Warsaw"]
[Date "2018.06.13"]
[Round "11"]
[White "Bialczynski, Michal"]
[Black "Szymanski, Pawel"]
[Result "0-1"]
[WhiteElo "1370"]
[BlackElo "1506"]
[PlyCount "154"]
[EventDate "2018.04.05"]
[EventType "tourn"]
[EventRounds "13"]
[EventCountry "POL"]
[SourceTitle "EXT 2021"]
[Source "ChessBase"]
[SourceDate "2020.10.23"]
[SourceVersion "1"]
[SourceVersionDate "2020.10.23"]
[SourceQuality "1"]

1. e4 e5 2. Nf3 Nc6 3. Bc4 Bc5 4. c3 Nf6 5. d4 exd4 6. 0-0 Nxe4 7. cxd4 Be7 8. d5 Na5 9. Bd3 Nf6 10. Qa4 b6 11. Nc3 0-0 12. Bf4 Nb7 13. b4 Nd6 14. Nd4 Bb7 15. Bxd6 Bxd6 16. Nf5 Be5 17. Rac1 Nxd5 18. Nxd5 Bxd5 19. Qc2 Qg5 20. Ne3 Qh5 21. h3 Be6 22. Nf5 g6 23. Rce1 Bd6 24. Nxd6 cxd6 25. Be2 Qg5 26. Kh1 Rac8 27. Qa4 Rc7 28. a3 Rfc8 29. Bf3 Qf6 30. Be2 Qb2 31. Ba6 Rd8 32. Qd1 d5 33. Re3 Rc3 34. Qd4 Rc2 35. Qxb2 Rxb2 36. Rd3 Rc2 37. Bb7 Kf8 38. f3 Rc7 39. Bxd5 Rdc8 40. Bxe6 dxe6 41. Rfd1 Rc3 42. Kh2 R8c7 43. Kg3 Ke7 44. Kh2 h5 45. Kg3 e5 46. R1d2 Ke6 47. Rd6+ Kf5 48. R6d3 e4 49. fxe4+ Kxe4 50. Rxc3 Rxc3+ 51. Kh2 Rxa3 52. Rd7 f6 53. Rf7 Ke5 54. Re7+ Kf5 55. Rd7 Ra4 56. b5 Ra5 57. Re7 h4 58. Rh7 g5 59. Rf7 Ke5 60. Re7+ Kd6 61. Rf7 Kc5 62. Rxf6 Rxb5 63. Rf5+ Kb4 64. Rf7 a5 65. Re7 a4 66. g3 a3 67. gxh4 a2 68. Re1 Kc3 69. h5 Rb1 70. Re3+ Kb4 71. Re4+ Ka5 72. Re8 a1Q 73. Ra8+ Kb4 74. Rxa1 Rxa1 75. h6 Ra7 76. Kg3 Rh7 77. Kg4 Rxh6 0-1

[Event "Warsaw YMCA Spring-C 200th"]
[Site "Warsaw"]
[Date "2018.05.30"]
[Round "9"]
[White "Bialczynski, Michal"]
[Black "Mazurkiewicz, Wojciech"]
[Result "1/2-1/2"]
[WhiteElo "1370"]
[BlackElo "1494"]
[PlyCount "33"]
[EventDate "2018.04.05"]
[EventType "tourn"]
[EventRounds "13"]
[EventCountry "POL"]
[SourceTitle "EXT 2021"]
[Source "ChessBase"]
[SourceDate "2020.10.23"]
[SourceVersion "1"]
[SourceVersionDate "2020.10.23"]
[SourceQuality "1"]

1. Nf3 Nf6 2. c4 e6 3. Nc3 Bb4 4. Qc2 0-0 5. g3 d5 6. cxd5 exd5 7. Bg2 c6 8. 0-0 Bg4 9. a3 Bd6 10. b4 a6 11. Bb2 Nbd7 12. d3 Ne5 13. Nxe5 Bxe5 14. Na4 Re8 15. Rfe1 Bxb2 16. Qxb2 b6 17. Rac1 1/2-1/2

[Event "Warsaw YMCA Spring-C 200th"]
[Site "Warsaw"]
[Date "2018.05.01"]
[Round "5"]
[White "Bialczynski, Michal"]
[Black "Kuznik, Kamil"]
[Result "1/2-1/2"]
[WhiteElo "1370"]
[BlackElo "1505"]
[PlyCount "73"]
[EventDate "2018.04.05"]
[EventType "tourn"]
[EventRounds "13"]
[EventCountry "POL"]
[SourceTitle "EXT 2021"]
[Source "ChessBase"]
[SourceDate "2020.10.23"]
[SourceVersion "1"]
[SourceVersionDate "2020.10.23"]
[SourceQuality "1"]

1. c4 e5 2. Nc3 Nf6 3. d3 d5 4. cxd5 Nxd5 5. Nf3 Nc6 6. g3 Be6 7. Bg2 Be7 8. 0-0 0-0 9. a3 Qd7 10. Ng5 Bxg5 11. Bxg5 Nxc3 12. bxc3 Bh3 13. Rb1 b6 14. Qa4 Bxg2 15. Kxg2 Qe6 16. Qb3 Qxb3 17. Rxb3 f5 18. Bd2 Rad8 19. Bc1 Rd5 20. f4 e4 21. dxe4 fxe4 22. Be3 Rfd8 23. Kf2 Kf7 24. Rbb1 h5 25. c4 Ra5 26. Rb5 g6 27. Rxa5 Nxa5 28. c5 Ke6 29. cxb6 axb6 30. Rc1 c5 31. h3 Kf5 32. a4 Rd5 33. Rg1 Nc4 34. g4+ hxg4 35. hxg4+ Kf6 36. Rb1 Rd6 37. Rb3 1/2-1/2

[Event "Warsaw YMCA Summer-C 189th"]
[Site "Warsaw"]
[Date "2017.08.08"]
[Round "9"]
[White "Bialczynski, Michal"]
[Black "Wasilewski, Orhan"]
[Result "0-1"]
[WhiteElo "1269"]
[BlackElo "1350"]
[PlyCount "112"]
[EventDate "2017.07.04"]
[EventType "tourn"]
[EventRounds "10"]
[EventCountry "POL"]
[SourceTitle "EXT 2019"]
[Source "ChessBase"]
[SourceDate "2018.10.10"]
[SourceVersion "1"]
[SourceVersionDate "2018.10.10"]
[SourceQuality "1"]

1. e4 e5 2. Nf3 f5 3. exf5 e4 4. Ne5 Nf6 5. d4 d6 6. Ng4 Bxf5 7. Nxf6+ Qxf6 8. Bc4 Nc6 9. Be3 d5 10. Bxd5 0-0-0 11. Nc3 Bb4 12. Bxc6 Qxc6 13. Qd2 Qc4 14. a3 Ba5 15. 0-0-0 Bg4 16. Rdf1 c5 17. f3 cxd4 18. Qe2 Be6 19. Bg5 dxc3 20. Qxc4+ Bxc4 21. Bxd8 cxb2+ 22. Kxb2 Rxd8 23. Rd1 Rd2 24. Rxd2 Bxd2 25. fxe4 Bf4 26. g3 Be5+ 27. c3 Kd7 28. Rd1+ Ke7 29. Rd2 b5 30. Kc2 a5 31. Rd1 a4 32. Kb2 Kf6 33. Rd2 Kg5 34. Rd8 Kg4 35. Re8 Bd6 36. e5 Bf7 37. Rh8 Bxe5 38. Rxh7 Bf6 39. Rh8 Bg5 40. Rf8 Bc4 41. Rh8 Bh6 42. Rd8 Kh3 43. Rh8 Kxh2 44. g4 Kg3 45. g5 Bxg5 46. Rh7 Bf6 47. Rh8 Bh4 48. Rh7 g5 49. Rg7 g4 50. Rg6 Kh3 51. Kc1 Be1 52. Kc2 g3 53. Rh6+ Kg2 54. Rg6 Kf1 55. Kd1 Bf2 56. Kd2 g2 0-1

[Event "Warsaw YMCA Summer-C 189th"]
[Site "Warsaw"]
[Date "2017.07.25"]
[Round "5"]
[White "Bialczynski, Michal"]
[Black "Sloniewski, Jakub"]
[Result "1-0"]
[WhiteElo "1269"]
[BlackElo "1099"]
[PlyCount "85"]
[EventDate "2017.07.04"]
[EventType "tourn"]
[EventRounds "10"]
[EventCountry "POL"]
[SourceTitle "EXT 2019"]
[Source "ChessBase"]
[SourceDate "2018.10.10"]
[SourceVersion "1"]
[SourceVersionDate "2018.10.10"]
[SourceQuality "1"]

1. e4 d5 2. exd5 Nf6 3. d4 Nxd5 4. Nf3 g6 5. Be2 Bg7 6. 0-0 0-0 7. c4 Nb6 8. Nc3 Bg4 9. h3 Bf5 10. Bg5 Nc6 11. Qd2 Re8 12. d5 Na5 13. b3 c6 14. Rad1 cxd5 15. c5 Nd7 16. Nxd5 Nxc5 17. Nxe7+ Kh8 18. Nxg6+ Bxg6 19. Bxd8 Nc6 20. Bg5 Ne4 21. Qd7 Nc3 22. Bc4 f6 23. Bd2 Nxd1 24. Rxd1 Re7 25. Qd6 Rd8 26. Qg3 Bc2 27. Rc1 Be4 28. Be3 f5 29. Ng5 Bd5 30. Bxd5 Rxd5 31. Qf3 Ree5 32. Nf7+ Kg8 33. Nxe5 Rxe5 34. Qg3 Rd5 35. Bh6 Rd7 36. Re1 Kf8 37. Bxg7+ Rxg7 38. Qd6+ Ne7 39. Qd8+ Kf7 40. Rxe7+ Kf6 41. Qd6+ Kg5 42. Rxg7+ Kh4 43. Qh6# 1-0

[Event "Warsaw YMCA Summer-C 189th"]
[Site "Warsaw"]
[Date "2017.07.07"]
[Round "2"]
[White "Bialczynski, Michal"]
[Black "Sloniewski, Krzysztof"]
[Result "1/2-1/2"]
[WhiteElo "1269"]
[BlackElo "1103"]
[PlyCount "126"]
[EventDate "2017.07.04"]
[EventType "tourn"]
[EventRounds "10"]
[EventCountry "POL"]
[SourceTitle "EXT 2019"]
[Source "ChessBase"]
[SourceDate "2018.10.10"]
[SourceVersion "1"]
[SourceVersionDate "2018.10.10"]
[SourceQuality "1"]

1. e4 e5 2. Nf3 Nc6 3. Bc4 Bc5 4. c3 d6 5. 0-0 Nf6 6. d4 exd4 7. cxd4 Bb6 8. Nc3 0-0 9. Bg5 h6 10. Bh4 g5 11. Bg3 Nh5 12. Nd5 Nxg3 13. hxg3 Bg4 14. Nxb6 axb6 15. a3 Qf6 16. Be2 Bxf3 17. Bxf3 Qxd4 18. Qe2 Qe5 19. Bh5 Nd4 20. Qg4 Qe6 21. Rad1 Qxg4 22. Bxg4 c5 23. Rd3 Kg7 24. f4 f6 25. Re1 Rad8 26. e5 dxe5 27. fxe5 f5 28. Bh5 g4 29. e6 Nxe6 30. Rde3 Ng5 31. Re7+ Kh8 32. Rxb7 Rb8 33. Ree7 Rxb7 34. Rxb7 Ne4 35. Rxb6 Nxg3 36. Rxh6+ Kg7 37. Rg6+ Kh7 38. Rc6 Nxh5 39. Rxc5 Nf4 40. g3 Nd3 41. Rc7+ Kg6 42. b4 Ra8 43. Rc3 Ne5 44. b5 Kg5 45. b6 Rb8 46. Rb3 Nc4 47. b7 Na5 48. Rb5 Nc6 49. a4 Kf6 50. Rb6 Ke5 51. Rxc6 Rxb7 52. Rc5+ Ke4 53. Rb5 Rc7 54. Rb4+ Kd3 55. Rb1 Ra7 56. Ra1 Ra5 57. Kf2 Ke4 58. Re1+ Kd4 59. Rd1+ Kc3 60. Rb1 Kd3 61. Rb4 Kc3 62. Rb5 Rxa4 63. Rxf5 Kd3 1/2-1/2

[Event "Warsaw YMCA Summer-C 189th"]
[Site "Warsaw"]
[Date "2017.07.04"]
[Round "1"]
[White "Oles, Jan"]
[Black "Bialczynski, Michal"]
[Result "1/2-1/2"]
[WhiteElo "1254"]
[BlackElo "1269"]
[PlyCount "160"]
[EventDate "2017.07.04"]
[EventType "tourn"]
[EventRounds "10"]
[EventCountry "POL"]
[SourceTitle "EXT 2019"]
[Source "ChessBase"]
[SourceDate "2018.10.10"]
[SourceVersion "1"]
[SourceVersionDate "2018.10.10"]
[SourceQuality "1"]

1. d4 d5 2. Nf3 Nf6 3. Nc3 e6 4. a3 c5 5. e3 cxd4 6. exd4 Be7 7. h3 0-0 8. g4 h6 9. Rg1 Nbd7 10. g5 hxg5 11. Bxg5 Nh7 12. Bh6 Bf6 13. Nh4 Kh8 14. Bxg7+ Bxg7 15. Qh5 Qf6 16. Bd3 Qh6 17. Qg4 e5 18. Nf5 Qg6 19. Nxg7 Qxg4 20. Rxg4 Ndf6 21. Rg3 Rg8 22. dxe5 Rxg7 23. Rxg7 Kxg7 24. exf6+ Nxf6 25. Bf1 Be6 26. 0-0-0 Rh8 27. Rd3 Bf5 28. Rg3+ Kf8 29. Rf3 Rh5 30. Nb5 Ke7 31. Nxa7 Ne4 32. c3 Be6 33. Nb5 Ng5 34. Re3 Nxh3 35. Bxh3 Rxh3 36. Rxh3 Bxh3 37. Kd2 Bg2 38. Kd3 Bf1+ 39. Kd4 Bxb5 40. Kxd5 Bc6+ 41. Ke5 Ba4 42. b4 b5 43. Kd5 f6 44. Kc5 f5 45. c4 bxc4 46. Kxc4 Kd6 47. Kd4 Bb5 48. f3 Bc6 49. f4 Bb5 50. Kc3 Kd5 51. Kb3 Bc4+ 52. Kc3 Bb5 53. Kb3 Bc4+ 54. Kc3 Be2 55. a4 Kc6 56. Kd4 Kb6 57. Ke5 Bd3 58. Kd4 Bc2 59. Ke5 Kc6 60. Ke6 Bd3 61. Ke5 Kd7 62. Kd5 Bc2 63. Ke5 Kc6 64. Kf6 Kd5 65. Kg5 Kc4 66. b5 Kc5 67. Kf6 Kb6 68. Ke5 Ka5 69. Kf6 Be4 70. Ke5 Bc2 71. Kf6 Kb6 72. Ke5 Kc5 73. Kf6 Kd6 74. Kg5 Ke7 75. Kg6 Kd6 76. Kf6 Kc5 77. Ke5 Be4 78. Ke6 Kb4 79. b6 Kxa4 80. b7 Bxb7 1/2-1/2

[Event "Warsaw YMCA Spring-D 185th"]
[Site "Warsaw"]
[Date "2017.06.06"]
[Round "11"]
[White "Kuznik, Kamil"]
[Black "Bialczynski, Michal"]
[Result "1-0"]
[WhiteElo "1298"]
[BlackElo "1313"]
[PlyCount "103"]
[EventDate "2017.04.06"]
[EventType "tourn"]
[EventRounds "13"]
[EventCountry "POL"]
[SourceTitle "EXT 2019"]
[Source "ChessBase"]
[SourceDate "2018.10.10"]
[SourceVersion "1"]
[SourceVersionDate "2018.10.10"]
[SourceQuality "1"]

1. e4 c5 2. Nf3 d6 3. d4 cxd4 4. Nxd4 Nf6 5. Nc3 a6 6. Bg5 e6 7. f4 Qb6 8. Nb3 Be7 9. Qd2 h6 10. Bxf6 Bxf6 11. 0-0-0 Be7 12. Kb1 Nd7 13. g3 Nc5 14. Nxc5 dxc5 15. Bg2 0-0 16. Qe3 Qc7 17. f5 exf5 18. Nd5 Qe5 19. Nb6 Bf6 20. Qa3 Rb8 21. Rd5 Qe6 22. Qxc5 fxe4 23. Nc4 b5 24. Ne3 Bb7 25. Rf5 Rfc8 26. Qb4 Bg5 27. Rhf1 Bxe3 28. Rxf7 Qc4 29. Qxc4 Rxc4 30. b3 Rcc8 31. Bh3 Rf8 32. Rxf8+ Rxf8 33. Be6+ Kh7 34. Rxf8 Bd2 35. Bf5+ g6 36. Rf7+ Kg8 37. Bxg6 Bd5 38. Rd7 e3 39. Bh5 Bc6 40. Rd6 Bg2 41. Be2 h5 42. Rxa6 Bh3 43. Rg6+ Kh7 44. Rg5 Bg4 45. Rxh5+ Bxh5 46. Bxh5 Kh6 47. Be2 b4 48. c4 bxc3 49. Kc2 Be1 50. a4 Bf2 51. a5 Bg1 52. a6 1-0

[Event "Warsaw YMCA Spring-D 185th"]
[Site "Warsaw"]
[Date "2017.05.30"]
[Round "10"]
[White "Bialczynski, Michal"]
[Black "Derylo, Maksymilian"]
[Result "1-0"]
[WhiteElo "1313"]
[BlackElo "1071"]
[PlyCount "37"]
[EventDate "2017.04.06"]
[EventType "tourn"]
[EventRounds "13"]
[EventCountry "POL"]
[SourceTitle "EXT 2019"]
[Source "ChessBase"]
[SourceDate "2018.10.10"]
[SourceVersion "1"]
[SourceVersionDate "2018.10.10"]
[SourceQuality "1"]

1. e4 c5 2. c3 d5 3. exd5 Qxd5 4. d4 Nc6 5. Nf3 Nf6 6. Be2 Bg4 7. 0-0 cxd4 8. cxd4 e6 9. Nc3 Qd7 10. Be3 Bb4 11. Rc1 0-0 12. Qa4 Rfd8 13. Rfd1 Qc7 14. a3 Ba5 15. Nb5 Qd7 16. Ne5 Nxe5 17. dxe5 Qe8 18. Bxg4 Nxg4 19. Qxa5 1-0

[Event "Warsaw YMCA Spring-D 185th"]
[Site "Warsaw"]
[Date "2017.05.23"]
[Round "9"]
[White "Delikat, Adam"]
[Black "Bialczynski, Michal"]
[Result "1-0"]
[WhiteElo "1238"]
[BlackElo "1313"]
[PlyCount "71"]
[EventDate "2017.04.06"]
[EventType "tourn"]
[EventRounds "13"]
[EventCountry "POL"]
[SourceTitle "EXT 2019"]
[Source "ChessBase"]
[SourceDate "2018.10.10"]
[SourceVersion "1"]
[SourceVersionDate "2018.10.10"]
[SourceQuality "1"]

1. e4 c5 2. Nf3 d6 3. d3 Nf6 4. g3 Nc6 5. Bg2 Bg4 6. 0-0 Nd4 7. Nbd2 Qc7 8. c3 Nxf3+ 9. Nxf3 e6 10. Qb3 Be7 11. Re1 0-0 12. e5 dxe5 13. Nxe5 Rab8 14. Bg5 Bf5 15. Nc4 b5 16. Bf4 Qd8 17. Bxb8 bxc4 18. Qb7 Qxb8 19. Qxe7 Qxb2 20. Qxc5 Bxd3 21. Qd4 a6 22. Bf1 e5 23. Qxe5 Ne4 24. Qd4 Bxf1 25. Kxf1 Nd2+ 26. Kg2 h6 27. Rad1 Ne4 28. Rxe4 Qxa2 29. Rg4 g6 30. Qxc4 Qa3 31. Rxg6+ Kh7 32. Rxa6 Qe7 33. Qd3+ Kg8 34. Rxh6 Qb7+ 35. Kg1 f5 36. Qd5+ 1-0

[Event "Warsaw YMCA Spring-D 185th"]
[Site "Warsaw"]
[Date "2017.05.12"]
[Round "6"]
[White "Bialczynski, Michal"]
[Black "Matyszkiewicz, Radoslaw"]
[Result "0-1"]
[WhiteElo "1313"]
[BlackElo "1352"]
[PlyCount "62"]
[EventDate "2017.04.06"]
[EventType "tourn"]
[EventRounds "13"]
[EventCountry "POL"]
[SourceTitle "EXT 2019"]
[Source "ChessBase"]
[SourceDate "2018.10.10"]
[SourceVersion "1"]
[SourceVersionDate "2018.10.10"]
[SourceQuality "1"]

1. e4 c5 2. c3 Nf6 3. e5 Nd5 4. d4 cxd4 5. cxd4 d6 6. Nf3 Nc6 7. Be2 Bg4 8. 0-0 e6 9. Re1 dxe5 10. dxe5 Bc5 11. a3 0-0 12. b4 Bb6 13. b5 Nce7 14. Qa4 Bf5 15. Bg5 h6 16. Bd2 Rc8 17. Rc1 Rxc1+ 18. Bxc1 Bxb1 19. Rxb1 Nc3 20. Qc2 Nxb1 21. Qxb1 Ng6 22. Bd3 Qd5 23. Bb2 Rd8 24. Bc2 Qxb5 25. h3 Qc5 26. Bxg6 Qxf2+ 27. Kh2 fxg6 28. Bc3 Be3 29. Qe4 g5 30. Qc4 Bf4+ 31. Kh1 Rd1+ 0-1

[Event "Warsaw YMCA Spring-D 185th"]
[Site "Warsaw"]
[Date "2017.05.11"]
[Round "4"]
[White "Bialczynski, Michal"]
[Black "Markiewicz, Janusz"]
[Result "1-0"]
[WhiteElo "1313"]
[BlackElo "1229"]
[PlyCount "101"]
[EventDate "2017.04.06"]
[EventType "tourn"]
[EventRounds "13"]
[EventCountry "POL"]
[SourceTitle "EXT 2019"]
[Source "ChessBase"]
[SourceDate "2018.10.10"]
[SourceVersion "1"]
[SourceVersionDate "2018.10.10"]
[SourceQuality "1"]

1. e4 e5 2. Nc3 Nf6 3. Nf3 d5 4. exd5 e4 5. Ng5 Bf5 6. d3 Bb4 7. dxe4 Nxe4 8. Ngxe4 Bxe4 9. Qd4 Bxc3+ 10. Qxc3 0-0 11. Bd2 Bxd5 12. 0-0-0 c6 13. Be3 Qh4 14. Be2 Na6 15. a3 Rfe8 16. g3 Qe7 17. Rhe1 b5 18. Bd4 Qg5+ 19. Be3 Qe7 20. Bd4 Qg5+ 21. f4 Qh6 22. Bf3 Rxe1 23. Rxe1 Bxf3 24. Qxf3 g5 25. Kb1 Nc7 26. fxg5 Qd6 27. Be5 Qe6 28. Bc3 Qg6 29. Bf6 Nd5 30. Re2 Rf8 31. h4 h5 32. Re4 a5 33. g4 Nxf6 34. gxf6 Kh8 35. gxh5 Qg1+ 36. Ka2 Qc5 37. Qe2 Qd5+ 38. b3 Qf5 39. Re8 Rxe8 40. Qxe8+ Kh7 41. Qxf7+ Kh6 42. Qf8+ Kxh5 43. Qh8+ Kg4 44. Qg7+ Kh3 45. Kb1 Qe5 46. Qe7 Qd5 47. f7 Qd1+ 48. Kb2 Qd4+ 49. Ka2 Qd1 50. Qe4 Qd6 51. Qd3+ 1-0

[Event "Warsaw YMCA Spring-D 185th"]
[Site "Warsaw"]
[Date "2017.05.05"]
[Round "5"]
[White "Rejniak, Wojciech"]
[Black "Bialczynski, Michal"]
[Result "0-1"]
[WhiteElo "1256"]
[BlackElo "1313"]
[PlyCount "78"]
[EventDate "2017.04.06"]
[EventType "tourn"]
[EventRounds "13"]
[EventCountry "POL"]
[SourceTitle "EXT 2019"]
[Source "ChessBase"]
[SourceDate "2018.10.10"]
[SourceVersion "1"]
[SourceVersionDate "2018.10.10"]
[SourceQuality "1"]

1. Nf3 Nf6 2. c4 c5 3. d4 cxd4 4. Nxd4 Nc6 5. Nc3 d6 6. Bg5 e6 7. Ndb5 Be7 8. Bxf6 gxf6 9. Ne4 Qa5+ 10. Qd2 Qxd2+ 11. Kxd2 0-0 12. Kc2 Nb4+ 13. Kc3 d5 14. Ned6 a6 15. Kxb4 axb5 16. c5 b6 17. Nxb5 Bxc5+ 18. Kb3 Bxf2 19. g3 Ba6 20. Nc3 Be3 21. Kc2 Rac8 22. Kd1 f5 23. a4 Bc4 24. Ke1 d4 25. Nd1 Bd5 26. Nxe3 Bxh1 27. Ng2 Rc2 28. b4 Rfc8 29. a5 bxa5 30. bxa5 Rc1+ 31. Rxc1 Rxc1+ 32. Kf2 Ra1 33. Kg1 Bxg2 34. Kxg2 Rxa5 35. Kf2 Ra2 36. Kf3 e5 37. h4 Kg7 38. e3 Ra3 39. g4 Rxe3+ 0-1